[Event "IV Torneo Banco di Roma B"]
[Site "Roma ITA"]
[Date "1980.02.??"]
[Round "8"]
[White "Passerotti, Pierluigi"]
[Black "Wagman, Stuart"]
[Result "1-0"]
[WhiteElo "2330"]
[BlackElo "2300"]
[PlyCount "81"]
[EventDate "1980.02.16"]

1. e4 c5 2. c4 d6 3. Nc3 Nf6 4. g3 g6 5. Bg2 Bg7 6. Nge2 O-O 7. O-O Nc6 8. h3
a6 9. d3 Rb8 10. f4 Bd7 11. Be3 b5 12. Rb1 Ne8 13. Qd2 Nd4 14. b3 f5 15. exf5
gxf5 16. Bf2 b4 17. Nd1 Nc7 18. Ne3 a5 19. Nc2 e5 20. Nexd4 cxd4 21. a3 Na6 22.
axb4 axb4 23. Ra1 Qb6 24. Rfb1 Nc5 25. Kh2 Kh8 26. Be1 Na6 27. Ra2 Bc6 28. Rba1
Nc5 29. Bxc6 Nxb3 30. Qg2 Nxa1 31. Rxa1 e4 32. Nxb4 Qc5 33. Bb5 Ra8 34. Na6 Qb6
35. dxe4 fxe4 36. Qxe4 d5 37. Qxd5 d3 38. Ra2 Rfd8 39. Qf3 Qe6 40. Qf2 Bd4 41.
Qf1 1-0

[Event "IV Torneo Banco di Roma B"]
[Site "Roma ITA"]
[Date "1980.02.??"]
[Round "9"]
[White "Beggi, Pierluigi"]
[Black "Joksic, Sinisa"]
[Result "1/2-1/2"]
[WhiteElo "2250"]
[BlackElo "2360"]
[PlyCount "99"]
[EventDate "1980.02.16"]

1. d4 Nf6 2. c4 c5 3. Nf3 g6 4. Nc3 Bg7 5. e4 O-O 6. Be2 d6 7. O-O Bg4 8. dxc5
dxc5 9. Be3 Qa5 10. h3 Bxf3 11. Bxf3 Nc6 12. Qa4 Nd7 13. Qxa5 Nxa5 14. Rfd1
Rfd8 15. Bg4 e6 16. Bg5 Bf6 17. Bxf6 Nxf6 18. Be2 Nc6 19. Rxd8+ Rxd8 20. Rd1
Rd4 21. f3 Nh5 22. Nb5 Rxd1+ 23. Bxd1 Nf4 24. Nd6 Na5 25. a3 Nd3 26. b3 b6 27.
Nc8 Nc6 28. Bc2 Nf4 29. e5 Ne2+ 30. Kf2 Ned4 31. Bd1 h5 32. f4 h4 33. Bf3 Nxf3
34. Kxf3 Nd4+ 35. Ke4 Nc6 36. b4 cxb4 37. axb4 Nxb4 38. Nxa7 Na6 39. Nc8 Nc5+
40. Kf3 g5 41. fxg5 Nd7 42. Ne7+ Kg7 43. Nc6 Nc5 44. Nb8 Kh7 45. Kg4 Kg6 46.
Nc6 Nd3 47. Kxh4 Nb2 48. Ne7+ Kg7 49. Kg4 Nxc4 50. Kf4 1/2-1/2

[Event "IV Torneo Banco di Roma B"]
[Site "Roma ITA"]
[Date "1980.02.??"]
[Round "9"]
[White "De Eccher, Stefano"]
[Black "Kovacs, Laszlo M."]
[Result "1/2-1/2"]
[WhiteElo "2285"]
[BlackElo "2340"]
[PlyCount "36"]
[EventDate "1980.02.16"]

1. e4 c5 2. Nf3 e6 3. d3 Nc6 4. Nbd2 d6 5. g3 g6 6. Bg2 Bg7 7. O-O Nge7 8. Re1
O-O 9. c3 Qc7 10. Nf1 b5 11. Be3 Bb7 12. Qd2 Rfe8 13. Bh6 Bh8 14. h4 d5 15. h5
dxe4 16. dxe4 Rad8 17. Qg5 Ne5 18. Nxe5 Qxe5 1/2-1/2

[Event "IV Torneo Banco di Roma B"]
[Site "Roma ITA"]
[Date "1980.02.??"]
[Round "9"]
[White "Wagman, Stuart"]
[Black "Durao, Joaquim Manuel"]
[Result "1/2-1/2"]
[WhiteElo "2300"]
[BlackElo "2305"]
[PlyCount "38"]
[EventDate "1980.02.16"]

1. c4 e5 2. Nc3 Nc6 3. g3 f5 4. Bg2 Nf6 5. d3 d6 6. Nf3 g6 7. O-O Bg7 8. Rb1
O-O 9. b4 a6 10. a4 h6 11. b5 axb5 12. axb5 Ne7 13. Qb3 Be6 14. Ba3 b6 15. Ne1
Ra7 16. Nc2 Nd7 17. Ra1 Nc5 18. Bxc5 Rxa1 19. Rxa1 dxc5 1/2-1/2